Neoliberalismo y movimientos sociales en América Latina: la configuración de la protesta social /

Na minha lista:
Detalhes bibliográficos
Autor principal: Seoane, José
Autores Corporativos: Consejo Latinoamericano de Ciencias Sociales, CLACSO Universidad de Colina. Sistema de Información Universidad de Guadalajara. Sistema de Biblioteca
Outros Autores: Taddei, Emilio Algranati, Clara
Formato: Texto
Publicado em: Buenos Aires: Campo Virtual
Edição:0
Assuntos:
Tags: Adicionar Tag
Sem tags, seja o primeiro a adicionar uma tag!

MARC

LEADER 00000 a a2200000 04500
001 28973
003
040
090 |a 194200  |b RECURSO ELECTRONICO  
100 |a Seoane, José  
110 |a Consejo Latinoamericano de Ciencias Sociales  
245 |a Neoliberalismo y movimientos sociales en América Latina: la configuración de la protesta social /  |c Consejo Latinoamericano de Ciencias Sociales  
250 |a 0  
260 |a Buenos Aires:   |b Campo Virtual  
500 |a Incluye programa, y 50 documentos de la bibliografía y 54 accesos electrónicos de bibliografía complementaria  
650 |a NEOLIBERALISMO  
650 |a MOVIMIENTOS SOCIALES  
650 |a AMERICA LATINA  
650 |a CURSOS  
650 |a DOCUMENTOS ELECTRONICOS  
650 |a PROGRAMA DE ESTUDIOS  
700 |a Taddei, Emilio   |a Algranati, Clara  
710 |a CLACSO   |a Universidad de Colina. Sistema de Información   |a Universidad de Guadalajara. Sistema de Biblioteca  
999 |c 13708  |d 13708